| 000 | 00859nam a22002537a 4500 | ||
|---|---|---|---|
| 003 | BPGM | ||
| 008 | 260627b1988 mx d|||| |||| 001 0 spa d | ||
| 020 | _a968-29-2074-4 | ||
| 040 |
_aBPGM _bspa |
||
| 041 |
_aspa _hspa |
||
| 082 | 0 | 4 | _aCQ / 972.45 / D48 |
| 100 | _aGONZALES AVELAR, MIGUEL; REYES VAYSSADE, MARTIN; LARA SAENZ,LEONCIO; TUROK, MARTA. | ||
| 245 | _aDIAGNOSTICO SOCIOCULTURAL DEL ESTADO DE QUERETARO. | ||
| 250 | _a1988 | ||
| 260 |
_aQUERETARO; _bDIRRECIÓN GENERAL DE CULTURAS POPULARES, _c1988. |
||
| 300 |
_a225, paginas _c20.8 cm x 13.2 cm |
||
| 336 |
_2rdacontent _atexto _btxt |
||
| 337 |
_2rdamedia _asin mediación _bn |
||
| 338 |
_2rdacarrier _avolumen _bnc |
||
| 650 | _aGEOGRAFÍA E HISTORIA | ||
| 650 | _aHISTORIA GENERAL DE AMÉRICA DEL NORTE | ||
| 650 | _aMESOAMÉRICA (AMÉRICA MEDIA) MÉXICO | ||
| 942 |
_2ddc _cCOLQ |
||
| 999 |
_c68682 _d68682 |
||